Mejora del control y aseguramiento de la calidad del proceso productivo de PCB en la empresa East West Costa Rica
محفوظ في:
| المؤلف الرئيسي: | |
|---|---|
| مؤلفون آخرون: | , , |
| التنسيق: | كتاب |
| اللغة: | Spanish |
| منشور في: |
[San José, Costa Rica]
2021
|
| الموضوعات: | |
| الوسوم: |
إضافة وسم
لا توجد وسوم, كن أول من يضع وسما على هذه التسجيلة!
|
MARC
| LEADER | 00000nam a2200000Ia 4500 | ||
|---|---|---|---|
| 003 | 013797 | ||
| 005 | 20240314133635.0 | ||
| 008 | 140114s2021 cr a 000 ||spa d | ||
| 040 | |c cru CEDI | ||
| 100 | |a Castro Barrantes, Alejandro, 1996- |9 2644 | ||
| 245 | |a Mejora del control y aseguramiento de la calidad del proceso productivo de PCB en la empresa East West Costa Rica | ||
| 260 | |a [San José, Costa Rica] |c 2021 | ||
| 500 | |a Proyecto de graduación (licenciatura en ingeniería industrial)--Universidad de Costa Rica. Facultad de Ingeniería. Escuela de Ingeniería Industrial | ||
| 501 | |a Directora de Proyecto de Graduación: Inga. Ileana Aguilar Mata | ||
| 650 | |x CALIDAD DEL SERVICIO |x PROCESOS DE MANUFACTURA - CONTROL DE CALIDAD |x PROCESOS DE MANUFACTURA - EVALUACION |x CONTROL DE PROCESOS |x PROGRAMACION DE LA PRODUCCION - DISEÑO |x ASEGURAMIENTO DE LA CALIDAD | ||
| 700 | |a Espinoza Chacón, Giannina, 1996- |9 2645 | ||
| 700 | |a Rubí González, Kimberli, 1995- |9 2646 | ||
| 700 | |a Aguilar Mata, Ileana, 1961- |d Directora del TFG |9 35 | ||
| 942 | |c TFG |h TFG 8938 |i 013797 |6 TFG_8938_013797000000000 | ||
| 999 | |c 12822 |d 12822 | ||
